[Event "American Continental"]
[Site "Buenos Aires ARG"]
[Date "2005.08.06"]
[Round "1"]
[White "Vescovi,G"]
[Black "Duarte,L"]
[Result "1-0"]
[WhiteElo "2640"]
[BlackElo "2317"]
[EventDate "2005.08.06"]

1. e4 c5 2. Nf3 e6 3. d3 d5 4. Qe2 Nc6 5. g3 dxe4 6. dxe4 e5 7. c3 Be7 8.
Na3 Nf6 9. Bg2 O-O 10. O-O h6 11. Nc4 Qc7 12. Nh4 Re8 13. Ne3 Bf8 14. Bd2
Bd7 15. Rad1 Ne7 16. f4 Bc6 17. Ng4 Nxg4 18. Qxg4 Kh7 19. Nf3 exf4 20. Bxf4
Qc8 21. Qh5 g6 22. Qh4 b6 23. Ng5+ Kg8 24. Nxf7 g5 25. Bxg5 hxg5 26. Qh8+
1-0

[Event "American Continental"]
[Site "Buenos Aires ARG"]
[Date "2005.08.06"]
[Round "1"]
[White "Milos,G"]
[Black "Bielicki,C"]
[Result "1-0"]
[WhiteElo "2606"]
[BlackElo "2307"]
[EventDate "2005.08.06"]

1. e4 e5 2. Nf3 Nc6 3. Bb5 a6 4. Ba4 Nf6 5. O-O Be7 6. Re1 b5 7. Bb3 d6 8.
c3 O-O 9. h3 Nd7 10. a4 Rb8 11. d4 Bf6 12. axb5 axb5 13. Be3 Nb6 14. Na3
Na5 15. Ba2 Bd7 16. dxe5 dxe5 17. b4 Nc6 18. Bc5 Ne7 19. Bb3 Re8 20. Qe2
Na4 21. Qa2 Rf8 22. Bxa4 bxa4 23. Rad1 Re8 24. c4 Qc8 25. b5 Ng6 26. Be3 h6
27. Nb1 Nh4 28. Nxh4 Bxh4 29. Nc3 Bxh3 30. Re2 Be6 31. Qxa4 Ra8 32. Qb3 Be7
33. Nd5 Bf8 34. Red2 Kh8 35. Qb2 Rb8 36. Qc3 f6 37. f3 Rb7 38. Qa5 Qa8 39.
Qa6 Qc8 40. c5 Rb8 41. Qa5 Bxd5 42. exd5 Qb7 43. Rb2 Red8 44. c6 Qc8 45. b6
cxb6 46. Bxb6 Bd6 47. Rc2 Qf5 48. Rc4 Rdc8 49. Bc5 Ra8 50. Qd2 Rd8 51. Qd3
Qh5 52. Bxd6 Rxd6 53. Rb4 Rc8 54. Rdb1 Rdd8 55. Qe4 Qf7 56. Rb5 Qa7+ 57.
Kh2 Qf7 58. Rb7 Qg8 59. R1b5 Qe8 60. Qg4 Qg8 61. Re7 1-0

[Event "American Continental"]
[Site "Buenos Aires ARG"]
[Date "2005.08.06"]
[Round "1"]
[White "Chemin,J"]
[Black "Ibragimov,I"]
[Result "0-1"]
[WhiteElo "2296"]
[BlackElo "2605"]
[EventDate "2005.08.06"]

1. d4 Nf6 2. Nf3 e6 3. e3 b6 4. Bd3 Bb7 5. Nbd2 c5 6. O-O Be7 7. b3 cxd4 8.
exd4 O-O 9. Bb2 Nc6 10. a3 Rc8 11. Re1 Re8 12. Qe2 g6 13. c4 d5 14. Rad1
Bf8 15. Nf1 Na5 16. N1d2 Nc6 17. Nf1 Bg7 18. Ne5 dxc4 19. Bxc4 Re7 20. b4
Nd5 21. g3 Rec7 22. Bb3 Nxe5 23. dxe5 Qe8 24. Qg4 h5 25. Qh4 Ne7 26. Nd2
Nf5 27. Qh3 a5 28. bxa5 bxa5 29. a4 Qc6 30. Ne4 Qb6 31. Rd3 Rc2 32. Bxc2
Rxc2 33. Qf1 Rxb2 0-1

[Event "American Continental"]
[Site "Buenos Aires ARG"]
[Date "2005.08.06"]
[Round "1"]
[White "Leitao,R"]
[Black "Arambel,S"]
[Result "0-1"]
[WhiteElo "2598"]
[BlackElo "2295"]
[EventDate "2005.08.06"]

1. e4 e6 2. d4 d5 3. Nc3 Bb4 4. e5 c5 5. a3 Bxc3+ 6. bxc3 Qc7 7. Qg4 f5 8.
Qg3 cxd4 9. cxd4 Ne7 10. Bd2 O-O 11. Bd3 b6 12. Ne2 Ba6 13. Nf4 Qd7 14. h4
Bxd3 15. Qxd3 Rc8 16. Rh3 Rc4 17. Rg3 Nbc6 18. c3 Kh8 19. Nh5 Ng6 20. Bg5
Qf7 21. Nxg7 Ncxe5 22. dxe5 Nxe5 23. Qd2 f4 24. Nh5 fxg3 25. Nxg3 Rf8 26.
Kf1 Qg6 27. Kg1 Qd3 28. Qe1 Qxc3 29. Qxc3 Rxc3 30. Re1 Ng4 31. f3 d4 32.
Ne2 h6 33. Be7 Rf7 34. Bb4 Rc4 35. fxg4 d3 36. Ng3 Rxg4 37. Ne4 Rxh4 38.
Bc3+ Kh7 39. Re3 Rhf4 40. g3 Rf3 41. Re1 d2 42. Bxd2 Rxa3 43. Kg2 Rd3 44.
Rh1 Rc7 45. Rxh6+ Kg7 46. Bf4 0-1

[Event "American Continental"]
[Site "Buenos Aires ARG"]
[Date "2005.08.06"]
[Round "1"]
[White "Ripari,M"]
[Black "Shabalov,A"]
[Result "0-1"]
[WhiteElo "2295"]
[BlackElo "2593"]
[EventDate "2005.08.06"]

1. e4 Nf6 2. e5 Nd5 3. d4 d6 4. Nf3 Bg4 5. Be2 e6 6. O-O Be7 7. c4 Nb6 8.
Nc3 O-O 9. Be3 a5 10. exd6 cxd6 11. c5 dxc5 12. dxc5 N6d7 13. Na4 Nc6 14.
Rc1 Qc7 15. h3 Bh5 16. a3 Rad8 17. Nd2 Bg6 18. Qb3 Nf6 19. Nb6 Nd5 20. Nxd5
exd5 21. g3 Bf6 22. Bf3 Rfe8 23. Bg2 a4 24. Qb5 Be5 25. Nf3 Bxg3 26. Bg5 f6
27. fxg3 fxg5 28. g4 h6 29. Qxa4 Re2 30. Rf2 Rxf2 31. Kxf2 Be4 32. Rf1 Rf8
33. Kg1 Qg3 0-1

[Event "American Continental"]
[Site "Buenos Aires ARG"]
[Date "2005.08.06"]
[Round "1"]
[White "Farfan Ortiz,A"]
[Black "Gulko,B"]
[Result "0-1"]
[WhiteElo "2285"]
[BlackElo "2589"]
[EventDate "2005.08.06"]

1. e4 c5 2. Nf3 e6 3. d4 cxd4 4. Nxd4 a6 5. Nc3 b5 6. Bd3 Qb6 7. Nb3 Qc7 8.
O-O d6 9. f4 Nd7 10. Qe2 Ngf6 11. Bd2 Bb7 12. Rae1 b4 13. Nd1 e5 14. Nf2 a5
15. fxe5 dxe5 16. Bg5 Be7 17. Nd2 h6 18. Bh4 O-O 19. Nc4 Rae8 20. Ne3 g6
21. Qf3 Nh7 22. Bxe7 Rxe7 23. Qh3 Kg7 24. Qh4 Ndf6 25. Kh1 h5 26. Nh3 Rd8
27. Rf3 Bc8 28. Ref1 Rd6 29. Bc4 Bg4 30. R3f2 Bxh3 31. gxh3 Qb6 32. Qg3 Kf8
33. Bd5 h4 34. Qf3 Ng5 35. Nc4 Nxf3 36. Nxb6 Rxb6 37. Rxf3 Nxd5 38. exd5 f5
39. Rd3 e4 40. Rd4 Re5 41. Rf2 Ke7 42. Kg2 Kd6 0-1

[Event "American Continental"]
[Site "Buenos Aires ARG"]
[Date "2005.08.06"]
[Round "1"]
[White "Blit,J"]
[Black "Ivanov,AV USA"]
[Result "0-1"]
[WhiteElo "2278"]
[BlackElo "2566"]
[EventDate "2005.08.06"]

1. e4 g6 2. d4 Bg7 3. Nf3 d6 4. Bc4 Nf6 5. Nc3 O-O 6. O-O Bg4 7. Be3 c6 8.
h3 Bxf3 9. Qxf3 Nbd7 10. a4 e6 11. Bd3 a6 12. g4 c5 13. dxc5 Nxc5 14. Rad1
Nfd7 15. Qg3 Rc8 16. f4 Qb6 17. Rb1 Qc6 18. Qe1 Rfd8 19. f5 d5 20. exd5
exd5 21. Qf2 Nxa4 22. Nxa4 Qxa4 23. fxg6 fxg6 24. Qf7+ Kh8 25. Bg5 Qd4+ 26.
Kh1 Ne5 27. Bf6 Nxf7 28. Bxd4 Ng5 29. Be3 Ne4 30. Kg2 Re8 31. b3 d4 32. Bf4
Nc5 33. Rbe1 Nxd3 34. cxd3 Kg8 35. Rxe8+ Rxe8 36. Rc1 Kf7 37. Kf3 Re7 38.
Rc7 Rxc7 39. Bxc7 Ke6 40. Ke4 Kd7 41. Bb6 Kc6 42. Bxd4 Bxd4 43. Kxd4 a5 44.
Ke5 b5 45. Ke6 Kc5 46. Ke5 a4 47. bxa4 bxa4 48. d4+ Kb6 0-1

[Event "American Continental"]
[Site "Buenos Aires ARG"]
[Date "2005.08.06"]
[Round "1"]
[White "Kudrin,S"]
[Black "Demaria,J"]
[Result "1/2-1/2"]
[WhiteElo "2559"]
[BlackElo "2272"]
[EventDate "2005.08.06"]

1. e4 c5 2. Nf3 d6 3. d4 cxd4 4. Nxd4 Nf6 5. Nc3 Nc6 6. Bg5 e6 7. Qd2 a6 8.
Be2 Qa5 9. f4 Bd7 10. Nb3 Qc7 11. Bxf6 gxf6 12. Bh5 Na5 13. f5 Nc4 14. Qd4
Ke7 15. Rf1 Bg7 16. O-O-O Rac8 17. Be2 b5 18. g4 Bh6+ 19. Kb1 Rhf8 20. Rf3
Bg5 21. Bxc4 bxc4 22. Nd2 Qc5 23. Nxc4 Qxd4 24. Rxd4 e5 25. Nd5+ Kd8 26.
Nxd6 exd4 27. Nb7+ 1/2-1/2

[Event "American Continental"]
[Site "Buenos Aires ARG"]
[Date "2005.08.06"]
[Round "1"]
[White "Vasquez,R"]
[Black "Tobares,L"]
[Result "1-0"]
[WhiteElo "2558"]
[BlackElo "2260"]
[EventDate "2005.08.06"]

1. e4 c5 2. Nf3 d6 3. d4 cxd4 4. Nxd4 Nf6 5. Nc3 Nc6 6. Bg5 e6 7. Qd2 Be7
8. O-O-O Nxd4 9. Qxd4 O-O 10. f4 Qa5 11. Bc4 Bd7 12. e5 dxe5 13. fxe5 Bc6
14. Bd2 Nd7 15. Nd5 Qd8 16. Nxe7+ Qxe7 17. Rhe1 Rfd8 18. Qg4 Nf8 19. Bd3
Rxd3 20. cxd3 Qd7 21. Bb4 Ng6 22. Bd6 f5 23. Qe2 Bd5 24. Kb1 Qa4 25. b3 Qb5
26. Qc2 a5 27. g3 a4 28. b4 a3 29. Rf1 h5 30. Ka1 h4 31. gxh4 Qb6 32. d4
Nxh4 33. Rg1 Qc6 34. Qd3 Rc8 35. Qxa3 Qc3+ 36. Qb2 Nf3 37. Rg2 Nxd4 38.
Qxc3 Rxc3 39. Rf2 Nc2+ 40. Kb2 Ne3 41. Rc1 Rd3 42. Ka1 Ng4 43. Rfc2 f4 44.
Rg1 Ne3 45. Rc8+ Kh7 46. Bf8 Nf5 47. Bxg7 Nxg7 48. Rc7 Rd2 49. Rcxg7+ Kh6
50. Rg8 Rxa2+ 51. Kb1 Kh7 52. R8g4 Rxh2 53. Rxf4 Kh6 54. Rg8 Kh7 55. Rg3
Kh6 56. Kc1 Rh5 57. Re3 Kg5 58. Rf8 Kg4 59. Kd2 Rh2+ 60. Re2 Rh3 61. Re1
Rh2+ 62. Ke3 Rb2 63. Rg1+ Bg2 64. Rf2 1-0

[Event "American Continental"]
[Site "Buenos Aires ARG"]
[Date "2005.08.06"]
[Round "1"]
[White "Luconi,C"]
[Black "Ricardi,P"]
[Result "1-0"]
[WhiteElo "2258"]
[BlackElo "2551"]
[EventDate "2005.08.06"]

1. d4 Nf6 2. Nf3 g6 3. c3 Bg7 4. Bg5 O-O 5. Nbd2 d5 6. e3 Nbd7 7. b4 Re8 8.
Be2 e5 9. Nb3 h6 10. Bxf6 Bxf6 11. O-O Bg7 12. Nc5 Nxc5 13. bxc5 c6 14. Rb1
Qe7 15. Nxe5 Bxe5 16. dxe5 Qxc5 17. Qd4 Qe7 18. f4 b6 19. Bd3 Bb7 20. e4
Rad8 21. Qe3 c5 22. exd5 Bxd5 23. Bb5 Rf8 24. f5 Qg5 25. Qxg5 hxg5 26. Rbe1
gxf5 27. Rxf5 Kh7 28. Re3 g4 29. Bd3 Kh6 30. h3 Be6 31. Rf6+ Kg5 32. Be2
Rd5 33. Rf2 Kg6 34. Rf4 Kg5 35. Rf1 Bf5 36. e6 a6 37. hxg4 Bg6 38. Bxa6 Re8
39. e7 Rd7 40. Rfe1 f6 41. Bb5 Ra7 42. Bxe8 Bxe8 43. Rd1 Kg6 44. Rd6 Kf7
45. Rxb6 Rxa2 46. Kh2 Ra4 47. Kg3 Rc4 48. Rd6 Ra4 49. Rd5 1-0

[Event "American Continental"]
[Site "Buenos Aires ARG"]
[Date "2005.08.06"]
[Round "1"]
[White "Bitelmajer,M"]
[Black "Gonzalez Zamora,J"]
[Result "0-1"]
[WhiteElo "2243"]
[BlackElo "2546"]
[EventDate "2005.08.06"]

1. d4 Nf6 2. c4 e6 3. g3 c5 4. d5 exd5 5. cxd5 Bd6 6. Bg2 O-O 7. Nf3 Bc7 8.
O-O d6 9. Nc3 a6 10. a4 Re8 11. b3 Nbd7 12. Bb2 Rb8 13. Nd2 b5 14. axb5
axb5 15. e4 Ne5 16. Qc2 Bd7 17. h3 Bb6 18. Nd1 Nh5 19. Kh2 Qg5 20. Bxe5
Qxe5 21. Ra2 Nf6 22. Ne3 g6 23. Re1 Qh5 24. Qc3 Qe5 25. Qc2 h5 26. f4 Qd4
27. e5 h4 28. e6 hxg3+ 29. Kh1 c4 30. f5 Qf4 31. Rf1 Qxe3 32. exd7 Rf8 33.
fxg6 Kg7 34. gxf7 Rxf7 35. Qf5 Rbf8 36. bxc4 Nxd7 37. Qg4+ Kh8 38. Nf3 Ne5
39. Qh4+ Rh7 40. Qxg3 Rg8 41. Qe1 Qxe1 42. Nxe1 bxc4 43. Nf3 Ng4 44. Rb1
Bc5 45. Rc1 Ne3 46. Kh2 Rh5 47. Rd2 Ng4+ 48. Kh1 Be3 49. Rc3 Bxd2 50. Nxd2
Nf2+ 51. Kh2 Nd1 52. Bf3 Nxc3 53. Bxh5 Rc8 54. Bf3 Nb5 55. Be2 c3 56. Nb3
Na3 57. Kg3 c2 58. Kf4 c1=Q+ 59. Nxc1 Rxc1 60. Kf5 Re1 0-1

[Event "American Continental"]
[Site "Buenos Aires ARG"]
[Date "2005.08.06"]
[Round "1"]
[White "Sunye Neto,J"]
[Black "Rodi,L"]
[Result "1-0"]
[WhiteElo "2530"]
[BlackElo "2242"]
[EventDate "2005.08.06"]

1. c4 f5 2. g3 Nf6 3. Bg2 g6 4. d3 Bg7 5. e4 fxe4 6. dxe4 Nc6 7. Ne2 d6 8.
Nbc3 e5 9. h3 Be6 10. b3 Qd7 11. Be3 O-O 12. Qd2 Rf7 13. Rd1 a6 14. g4 Rb8
15. O-O Qe8 16. Nd5 Rc8 17. b4 b6 18. a3 Bd7 19. Ng3 Qf8 20. Ne2 Qe8 21.
Rde1 Kh8 22. f3 Rf8 23. c5 dxc5 24. bxc5 Na5 25. Nxf6 Rxf6 26. Qc3 Bb5 27.
Rf2 Rf7 28. Nc1 Nc4 29. Bg5 Qe6 30. Rc2 h6 31. Bh4 Re8 32. a4 Bxa4 33. Qxc4
Bxc2 34. Qxc2 Qc6 35. Nd3 a5 36. Ra1 Rd7 37. Bf1 Ra8 38. Bg3 Re7 39. Qc3
Rae8 40. Be2 Kh7 41. Kg2 Ra8 42. Ra3 Ree8 43. h4 a4 44. Bf2 bxc5 45. Nxc5
Bf8 46. Bd1 Red8 47. Bxa4 Qf6 48. Ra2 Bg7 49. Bb3 Rxa2 50. Bxa2 Re8 51. Bd5
Qd6 52. Qc4 Qe7 53. Na6 Rc8 54. Be6 Ra8 55. Nxc7 Rb8 56. Qc6 Bf6 57. Nd5
1-0

[Event "American Continental"]
[Site "Buenos Aires ARG"]
[Date "2005.08.06"]
[Round "1"]
[White "Cerda,G"]
[Black "Arencibia,W"]
[Result "0-1"]
[WhiteElo "2237"]
[BlackElo "2527"]
[EventDate "2005.08.06"]

1. Nf3 d5 2. d3 Nc6 3. Nbd2 e5 4. e4 Nf6 5. g3 Be7 6. Bg2 O-O 7. O-O Re8 8.
Re1 Bf8 9. c3 d4 10. cxd4 Nxd4 11. Nxd4 Qxd4 12. Nf3 Qb6 13. Qc2 c5 14. Qc3
Qd6 15. a4 Bg4 16. h3 Bxf3 17. Bxf3 Rad8 18. Be2 Qe6 19. Kg2 Rd4 20. Be3
Rb4 21. Qc2 Qb3 22. Qxb3 Rxb3 23. Ra2 Nd7 24. Bd2 Nb8 25. Bc3 Rb6 26. Bg4
Rd6 27. Be2 Nc6 28. Raa1 g6 29. f4 Nd4 30. Bxd4 Rxd4 31. fxe5 Rxe5 32. Rec1
f5 33. Rc2 Bd6 34. exf5 Re3 35. fxg6 Rxg3+ 36. Kf2 Rxh3 37. Rg1 hxg6 38.
Rxg6+ Kf7 39. Rg2 Rxa4 40. Rc4 Rxc4 41. dxc4 Rb3 42. Ke1 Be5 43. Bd1 Rh3
44. b3 Bc3+ 45. Ke2 Bb4 46. Rg5 Rc3 47. Rd5 Ke6 48. Kf2 a5 49. Bg4+ Kf6 50.
Bd1 Ke7 51. Ke2 a4 52. bxa4 Rxc4 53. Kd3 Rc3+ 54. Ke4 b6 55. Be2 Rc1 56.
Bb5 c4 57. Rd7+ Ke6 58. Rc7 Re1+ 59. Kd4 c3 60. Bd3 Ba5 61. Rc6+ Ke7 62.
Kc4 Kd7 63. Rg6 Rd1 64. Bc2 Rd2 65. Kb3 Rd4 66. Bf5+ Kc7 67. Bc2 Rd5 68.
Kc4 Rh5 69. Rf6 Rh4+ 70. Kd5 Rh2 71. Be4 Rd2+ 72. Kc4 Re2 73. Kd5 Rxe4 74.
Rf7+ Kc8 75. Kxe4 c2 76. Rf8+ Kd7 77. Rf7+ Kd6 78. Rf6+ Kc5 79. Rf8 Bc3 0-1

[Event "American Continental"]
[Site "Buenos Aires ARG"]
[Date "2005.08.06"]
[Round "1"]
[White "Rodriguez,And URU"]
[Black "Zukerfeld,A"]
[Result "1-0"]
[WhiteElo "2523"]
[BlackElo "2237"]
[EventDate "2005.08.06"]

1. e4 c5 2. Nf3 d6 3. d4 cxd4 4. Nxd4 Nf6 5. f3 e5 6. Bb5+ Nbd7 7. Nf5 d5
8. exd5 a6 9. Ba4 b5 10. Bb3 Nb6 11. Ne3 Bb7 12. Nc3 Bc5 13. Qd3 O-O 14.
Ne4 Rc8 15. Nxc5 Rxc5 16. O-O Nbxd5 17. Rd1 Qa8 18. Nxd5 Nxd5 19. Be3 e4
20. Qxe4 Re8 21. Bxc5 Rxe4 22. fxe4 Nc7 23. Rd7 Ne6 24. Bxe6 fxe6 25. Rad1
Bc8 26. Rc7 1-0

[Event "American Continental"]
[Site "Buenos Aires ARG"]
[Date "2005.08.06"]
[Round "1"]
[White "Hernandez,Gi"]
[Black "Orsini,A"]
[Result "1-0"]
[WhiteElo "2518"]
[BlackElo "2233"]
[EventDate "2005.08.06"]

1. e4 e6 2. d4 d5 3. Nc3 Nf6 4. Bg5 Bb4 5. e5 h6 6. Bd2 Bxc3 7. bxc3 Ne4 8.
Qg4 g6 9. Bd3 Nxd2 10. Kxd2 c5 11. Nf3 Qc7 12. h4 Bd7 13. Qf4 f5 14. g4 Nc6
15. gxf5 gxf5 16. Rhg1 O-O-O 17. Rg7 Qa5 18. dxc5 d4 19. Nxd4 Qxc5 20. Re1
a6 21. Nb3 Qa3 22. Qe3 Qa4 23. Kc1 Rhg8 24. Reg1 Rxg7 25. Rxg7 Qxh4 26. Kb2
Qa4 27. Rh7 Nb8 28. Rxh6 Rg8 29. f4 Kc7 30. a3 b6 31. Bxf5 exf5 32. Qxb6+
Kc8 33. e6 Be8 34. Nd4 Rg7 35. Nxf5 1-0

[Event "American Continental"]
[Site "Buenos Aires ARG"]
[Date "2005.08.06"]
[Round "1"]
[White "Flores,Di"]
[Black "Tristan,L"]
[Result "1-0"]
[WhiteElo "2513"]
[BlackElo "2225"]
[EventDate "2005.08.06"]

1. Nf3 c5 2. c4 Nc6 3. g3 g6 4. Bg2 Bg7 5. Nc3 Nf6 6. d4 cxd4 7. Nxd4 Nxd4
8. Qxd4 d6 9. b3 O-O 10. Bb2 Qc7 11. O-O Be6 12. Rac1 a6 13. Nd5 Bxd5 14.
cxd5 Qd7 15. Qh4 Qb5 16. Qc4 Qd7 17. Qc7 Rac8 18. Qxd7 Nxd7 19. Bxg7 Kxg7
20. Bh3 f5 21. g4 Kf6 22. gxf5 g5 23. f3 Nb6 24. e4 Nd7 25. Kf2 Ne5 26. Ke3
b5 27. Rfd1 b4 28. Bf1 a5 29. Ba6 Ra8 30. Bb7 Ra7 31. Bc6 Rc7 32. h4 Rg8
33. hxg5+ Rxg5 34. Bb5 Rxc1 35. Rxc1 Rg3 36. Be2 Ng4+ 37. Kf4 Rg2 38. fxg4
Rxe2 39. g5+ Kf7 40. Rc7 Rf2+ 41. Kg3 Rxa2 42. f6 Rb2 43. Rxe7+ Kg8 44.
Rg7+ Kf8 45. Rxh7 Rxb3+ 46. Kf4 Rb1 47. g6 Rf1+ 48. Kg5 Ke8 49. Rh8+ Kd7
50. f7 1-0

[Event "American Continental"]
[Site "Buenos Aires ARG"]
[Date "2005.08.06"]
[Round "1"]
[White "Daneri,M"]
[Black "Valerga,D"]
[Result "1/2-1/2"]
[WhiteElo "2220"]
[BlackElo "2499"]
[EventDate "2005.08.06"]

1. d4 Nf6 2. Nf3 e6 3. Bf4 b6 4. Nbd2 Bb7 5. e3 Be7 6. Bd3 O-O 7. c3 c5 8.
Qe2 Nc6 9. h3 Nd5 10. Bh2 f5 11. O-O Qe8 12. Nc4 cxd4 13. exd4 Qg6 14. Rfe1
Rad8 15. a4 Qh6 16. a5 Rf6 17. axb6 axb6 18. Qd2 Qh5 19. Qg5 Qxg5 20. Nxg5
Rff8 21. Nf3 Ra8 22. Bd6 1/2-1/2

[Event "American Continental"]
[Site "Buenos Aires ARG"]
[Date "2005.08.06"]
[Round "1"]
[White "Sorin,A"]
[Black "Mesias,R"]
[Result "1-0"]
[WhiteElo "2496"]
[BlackElo "2220"]
[EventDate "2005.08.06"]

1. d4 Nf6 2. c4 g6 3. Nc3 Bg7 4. e4 d6 5. Be2 O-O 6. Bg5 c6 7. f4 Qb6 8.
Qd2 Re8 9. Nf3 Bg4 10. O-O Nfd7 11. Na4 Qa6 12. Nc3 Qb6 13. Rad1 e5 14. c5
dxc5 15. dxe5 Na6 16. Bc4 Nf8 17. f5 Qc7 18. e6 Nxe6 19. fxe6 Bxe6 20. Bxe6
1-0

[Event "American Continental"]
[Site "Buenos Aires ARG"]
[Date "2005.08.06"]
[Round "1"]
[White "Mekhitarian,K"]
[Black "Vera,R"]
[Result "1-0"]
[WhiteElo "2218"]
[BlackElo "2490"]
[EventDate "2005.08.06"]

1. e4 c5 2. Nf3 d6 3. d4 Nf6 4. Nc3 cxd4 5. Nxd4 a6 6. Bc4 e6 7. Bb3 Nbd7
8. Bg5 Qa5 9. Qd2 Be7 10. O-O-O Nc5 11. Rhe1 O-O 12. Kb1 Qc7 13. f4 h6 14.
Bxf6 Bxf6 15. Nf3 Be7 16. f5 b5 17. fxe6 fxe6 18. Nd5 exd5 19. Bxd5+ Be6
20. Bxe6+ Nxe6 21. Qd5 Qc4 22. b3 Qxd5 23. exd5 Nf4 24. Rxe7 Rae8 25. Rxe8
Rxe8 26. g3 Ne2 27. Kb2 Rc8 28. a3 Nc3 29. Rd3 Ne4 30. Rd4 Nc5 31. Nh4 Rf8
32. Rf4 Rxf4 33. gxf4 Ne4 34. c4 bxc4 35. bxc4 Kf7 36. Kc2 Kf6 37. Kd3 Nc5+
38. Ke3 g5 39. fxg5+ hxg5 40. Nf3 g4 41. Ne1 Kf5 42. Nd3 Nb3 43. Nb4 a5 44.
Nc6 Kg6 45. Nd4 Nc5 46. Nb5 Nb7 47. Kf4 Kh5 48. Nxd6 Nxd6 49. c5 Nf7 50.
Kf5 Kh4 51. Kf6 Ng5 52. c6 Ne4+ 53. Ke5 1-0

[Event "American Continental"]
[Site "Buenos Aires ARG"]
[Date "2005.08.06"]
[Round "1"]
[White "Perez Cascella,J"]
[Black "Zugic,I"]
[Result "1-0"]
[WhiteElo "2209"]
[BlackElo "2474"]
[EventDate "2005.08.06"]

1. c4 e5 2. Nc3 Nc6 3. g3 g6 4. Bg2 Bg7 5. d3 f5 6. e3 Nf6 7. Nge2 d6 8.
Rb1 a5 9. b3 O-O 10. a3 f4 11. exf4 Nh5 12. Nd5 Nd4 13. O-O Nxe2+ 14. Qxe2
c6 15. fxe5 cxd5 16. e6 Qe7 17. cxd5 b5 18. f4 Bb7 19. f5 Bd4+ 20. Kh1 Rae8
21. Qg4 Bg7 22. Bd2 Be5 23. Qh4 Qc7 24. Qh3 Nf6 25. Bg5 Qg7 26. Bh6 Qe7 27.
Bxf8 Rxf8 28. Qh4 Qg7 29. fxg6 hxg6 30. Qg5 Kh7 31. d4 Bxd4 32. Qh4+ Nh5
33. Rxf8 1-0

[Event "American Continental"]
[Site "Buenos Aires ARG"]
[Date "2005.08.06"]
[Round "1"]
[White "Milman,L"]
[Black "Di Benedetto,G"]
[Result "1-0"]
[WhiteElo "2459"]
[BlackElo "2205"]
[EventDate "2005.08.06"]

1. e4 c5 2. Nf3 Nc6 3. Bb5 g6 4. O-O Bg7 5. c3 Nf6 6. e5 Nd5 7. d4 cxd4 8.
cxd4 O-O 9. Nc3 Nxc3 10. bxc3 d6 11. exd6 Qxd6 12. Qa4 Bg4 13. Ba3 Qf4 14.
d5 Qxa4 15. Bxa4 Na5 16. Bxe7 Rfb8 17. Nd4 Bxd4 18. cxd4 b5 19. Bd1 Bxd1
20. Rfxd1 Rb7 21. d6 Nc4 22. Rab1 a6 23. a4 Rd7 24. axb5 Nxd6 25. Bxd6 Rxd6
26. Ra1 Rb6 27. bxa6 Rbxa6 28. Rxa6 Rxa6 29. g4 Kf8 30. Kg2 Ke7 31. Rd3 Ke6
32. Re3+ Kd5 33. Re7 Rf6 34. Rd7+ Ke6 35. Rd8 Ke7 36. Rd5 Ra6 37. Re5+ Kd6
38. Kf3 Ra4 39. Ke4 1-0

[Event "American Continental"]
[Site "Buenos Aires ARG"]
[Date "2005.08.06"]
[Round "1"]
[White "Molina,Jo"]
[Black "Alonso,S"]
[Result "1/2-1/2"]
[WhiteElo "2195"]
[BlackElo "2457"]
[EventDate "2005.08.06"]

1. d4 Nf6 2. Nf3 g6 3. c4 Bg7 4. Nc3 O-O 5. e4 d6 6. Be2 c5 7. O-O cxd4 8.
Nxd4 Nc6 9. Be3 Nxd4 10. Bxd4 Bd7 11. Qd2 Bc6 12. f3 a5 13. Rfd1 Nd7 14.
Be3 Nc5 15. Rac1 a4 16. Nd5 Bxd5 17. cxd5 Qa5 18. Rc4 Rfc8 19. Qxa5 Rxa5
20. b4 axb3 21. axb3 Ra3 22. Rb1 Rca8 23. Bd1 h5 24. Kf1 Ra1 25. Rxa1 Rxa1
26. Ke2 1/2-1/2

[Event "American Continental"]
[Site "Buenos Aires ARG"]
[Date "2005.08.06"]
[Round "1"]
[White "Garcia,Gild"]
[Black "Herrera,Mart"]
[Result "1-0"]
[WhiteElo "2453"]
[BlackElo "2192"]
[EventDate "2005.08.06"]

1. e4 c5 2. Nf3 Nc6 3. d4 cxd4 4. Nxd4 Nf6 5. Nc3 e5 6. Ndb5 d6 7. Bg5 a6
8. Na3 b5 9. Bxf6 gxf6 10. Nd5 f5 11. c3 Bg7 12. exf5 Bxf5 13. Nc2 O-O 14.
Be2 Be6 15. O-O f5 16. a4 bxa4 17. Rxa4 a5 18. f4 Kh8 19. Kh1 Ra7 20. Nce3
Bh6 21. g3 Rg7 22. Bf3 e4 23. Bg2 Rb7 24. Qd2 Qd7 25. Rc4 Ne7 26. Rd1 Nxd5
27. Nxd5 Bg7 28. b4 Qb5 29. Bf1 e3 30. Qg2 Qa4 31. Nxe3 Re7 32. Qc6 Qxc6+
33. Rxc6 Bb3 34. Rd3 Rfe8 35. c4 Rxe3 36. Rxe3 Rxe3 37. Rc8+ Bf8 38. Rxf8+
Kg7 39. Rxf5 axb4 40. Rb5 Bc2 41. Rxb4 Be4+ 42. Kg1 Rc3 43. Rb2 Kf6 44. Rd2
Ke7 45. Kf2 Kd7 46. Rd4 Bf5 47. Be2 Rc2 48. Ke3 Be6 49. g4 Rc3+ 50. Kf2 Rh3
51. Kg2 1-0

[Event "American Continental"]
[Site "Buenos Aires ARG"]
[Date "2005.08.06"]
[Round "1"]
[White "Bermudes,E"]
[Black "Pierrot,F"]
[Result "0-1"]
[WhiteElo "2190"]
[BlackElo "2449"]
[EventDate "2005.08.06"]

1. g3 g6 2. Bg2 Bg7 3. e4 c5 4. Ne2 Nc6 5. c3 d6 6. O-O e5 7. Na3 Nge7 8.
Nc2 O-O 9. d4 cxd4 10. cxd4 Bg4 11. f3 Bd7 12. Be3 exd4 13. Nexd4 Ne5 14.
b3 d5 15. exd5 Nxd5 16. Bf2 Rc8 17. Qd2 Nc3 18. f4 Nc6 19. Bxc6 bxc6 20.
Qxc3 c5 21. Qf3 cxd4 22. Nxd4 Bxd4 23. Bxd4 Bc6 24. Qd3 Qd5 25. Kf2 Rfe8
26. Rg1 Bb5 0-1

[Event "American Continental"]
[Site "Buenos Aires ARG"]
[Date "2005.08.06"]
[Round "1"]
[White "Mosquera,M"]
[Black "Ruiz,Pa"]
[Result "1-0"]
[WhiteElo "2442"]
[BlackElo "2189"]
[EventDate "2005.08.06"]

1. d4 d5 2. Bg5 c6 3. Nf3 Bf5 4. e3 Qb6 5. Qc1 e6 6. Nbd2 Nd7 7. c4 Ngf6 8.
Be2 Be7 9. O-O h6 10. Bh4 g5 11. c5 Qd8 12. Bg3 Bg4 13. h3 Bh5 14. Re1 g4
15. hxg4 Bxg4 16. b4 a6 17. a4 Nh5 18. Bh2 Rg8 19. b5 Bh3 20. Bf1 Qc8 21.
e4 axb5 22. axb5 Rxa1 23. Qxa1 Nhf6 24. exd5 exd5 25. bxc6 bxc6 26. Qa7 Kf8
27. Bf4 h5 28. Bh6+ Ke8 29. Bf4 Kf8 30. Bg3 Be6 31. Ba6 Qd8 32. Bc7 Qe8 33.
Bb7 Ne4 34. Bxc6 Bh3 35. g3 1-0

[Event "American Continental"]
[Site "Buenos Aires ARG"]
[Date "2005.08.06"]
[Round "1"]
[White "Mayorga,N"]
[Black "Rojas,L"]
[Result "1/2-1/2"]
[WhiteElo "2188"]
[BlackElo "2437"]
[EventDate "2005.08.06"]

1. e4 e6 2. d4 d5 3. e5 c5 4. c3 Nc6 5. Nf3 Bd7 6. Be2 f6 7. O-O fxe5 8.
Nxe5 Nxe5 9. dxe5 Qc7 10. Re1 O-O-O 11. c4 d4 12. Bf3 Nh6 13. Nd2 Nf7 14.
Qb3 g6 15. Ne4 Bc6 16. Ng5 Nxg5 17. Bxg5 Re8 18. Bf6 Rg8 19. Bxc6 Qxc6 20.
Qb5 Qxb5 21. cxb5 Kd7 22. Rac1 b6 23. Rc4 a6 24. a4 axb5 25. axb5 Ra8 26.
b4 Ra4 27. Bg5 Rxb4 28. Rxb4 cxb4 29. Rd1 Bc5 30. Bd2 Kc7 31. g3 d3 32. Kf1
Rf8 33. f4 Rd8 34. Ke1 Kb7 35. Rb1 Rd4 36. Rb3 Re4+ 37. Kd1 Re2 38. h4 Rg2
39. Rxd3 Rg1+ 40. Kc2 Kc8 41. Rb3 Bf2 42. Bxb4 Rxg3 43. Be7 Rg4 44. Rc3+
Kd7 45. Bd6 Bxh4 46. Rc7+ Kd8 47. Rxh7 Rxf4 48. Rh8+ Kd7 49. Rh7+ Kc8 50.
Rh8+ Bd8 51. Be7 Rd4 52. Rg8 Kc7 53. Bxd8+ Rxd8 54. Rxg6 Rd5 1/2-1/2

[Event "American Continental"]
[Site "Buenos Aires ARG"]
[Date "2005.08.06"]
[Round "1"]
[White "Lafuente,P"]
[Black "Mareco,S"]
[Result "0-1"]
[WhiteElo "2435"]
[BlackElo "2187"]
[EventDate "2005.08.06"]

1. d4 d5 2. c4 Nc6 3. Nc3 dxc4 4. Nf3 Nf6 5. Bg5 h6 6. Bxf6 exf6 7. Qa4 Bb4
8. Qb5 O-O 9. e3 Be6 10. Qxb7 Qd6 11. Nd2 Rab8 12. Qa6 Ba5 13. Nce4 Qd5 14.
Nc3 Qd6 15. Nce4 Bxd2+ 16. Nxd2 Rxb2 17. a3 Nxd4 18. Qxd6 Nc2+ 19. Kd1 cxd6
20. Rb1 Rfb8 21. Rxb2 Rxb2 22. Kc1 Ra2 23. Kb1 c3 24. Bc4 Rb2+ 0-1